| 000 | 00713nam a2200241 ib4500 | ||
|---|---|---|---|
| 003 | DO-SdBNP | ||
| 005 | 20250711140001.0 | ||
| 007 | ta | ||
| 008 | 201126b1981 dr |||||r|||| 00| 0 spa d | ||
| 040 |
_aDO-SdBNP _bspa _cBNPHU _erda |
||
| 041 | _aspa | ||
| 082 | 4 |
_axxx _bT119e _222 |
|
| 110 | 2 |
_aPartido Revolucionario Dominicano _95214 |
|
| 245 | 1 | 0 | _aTáctica y estrategia |
| 264 | 1 |
_aSanto Domingo : _bDepartamento Nacional de Organización (PRD), _c1981. |
|
| 300 |
_a22 páginas ; _c21 cm. |
||
| 336 |
_atexto _btxt _2rdacontent |
||
| 337 |
_asin mediación _bn _2rdamedia |
||
| 338 |
_avolumen _bnc _2rdacarrier |
||
| 590 | _aInventariado, 2025/BT | ||
| 650 | 4 |
_aPartidos políticos _93367 |
|
| 942 |
_2ddc _cLF2 |
||
| 999 |
_c49210 _d49210 |
||